000 00657nam a2200145Ia 4500
008 151213s9999 xx 000 0 und d
245 _aবাংলাদেশের অর্র্থনৈতিক সমিক্ষা। অর্থনৈতিক উপদেষ্টা
_bঅনুবিভাগ
_cঅর্থমন্ত্রণালয়
250 _aঅর্থনৈতিক উপদেষ্টা
260 _aঅনুবিভাগ
_cঅর্থমন্ত্রণালয়
300 _a2346 p.
650 _aEconomics
650 _aEconomics
700 _aঅর্থমন্ত্রণালয়
999 _c1656
_d1656